[Event "Ciocaltea Memorial"]
[Site "Bucharest"]
[Date "1999.03.16"]
[Round "13"]
[White "Marjanovic, Slavoljub"]
[Black "Iordachescu, Viorel"]
[Result "1/2-1/2"]
[WhiteElo "2451"]
[BlackElo "2539"]
[Annotator "Tsesarsky,I"]
[PlyCount "82"]
[EventDate "1999.03.04"]
[EventType "tourn"]
[EventRounds "13"]
[EventCountry "ROU"]
[EventCategory "10"]
[SourceTitle "CBM 070"]
[Source "ChessBase"]
[SourceDate "1999.06.08"]
[SourceVersion "1"]
[SourceVersionDate "1999.06.08"]
[SourceQuality "1"]

{[%mdl 256]} 1. e4 g6 2. d4 Bg7 3. Nf3 d6 4. Bc4 c6 5. Bb3 Nf6 6. Qe2 O-O 7. e5
(7. h3 a5 8. a4 b6 9. Nbd2 Ba6 10. Bc4 Bxc4 11. Qxc4 d5 $11 {1/2-1/2 Lee,
P-Rocha,A/Hastings 1964 (56)}) (7. Nbd2 e5 (7... b6 8. O-O Ba6 9. c4 Nfd7 10.
Bc2 e5 11. dxe5 dxe5 12. b4 $14 {1/2-1/2 Pyhaelae,A-Maeki,V/Helsinki 1993 (22)}
) (7... Bg4 8. e5 Nd5 9. O-O Nd7 10. h3 Bxf3 11. Nxf3 dxe5 12. Nxe5 e6 13. c3
Qc7 14. Re1 a5 15. a4 Rac8 16. Bg5 Rfe8 17. Rad1 N7b6 18. Nd3 $14 {1/2-1/2
Szabo,Z-Petran,P/HUN tt Törekvés-Honvéd 1997 (32)}) 8. dxe5 Nh5 9. Nc4 (9. exd6
Nf4 10. Qf1 Qxd6 11. Nc4 (11. e5 Qc7 (11... Bxe5 12. Nc4 $18) 12. Nc4) 11...
Qc7 12. e5 Nd5 13. Qe2 Bg4 14. Bd2 (14. Nd6 Nd7 15. Bxd5 Nxe5 16. Bf4 Qxd6 17.
Bxe5 Qxd5 18. Bxg7 Rfe8 $19) 14... Nd7 15. O-O-O Rae8 16. h3 Bxf3 17. Qxf3 Nxe5
$11) 9... dxe5 10. O-O Qc7 11. Rd1 Na6 12. Be3 Nf4 13. Bxf4 exf4 14. Nd6 Bg4
15. c3 Nc5 16. h3 Bxf3 17. Qxf3 Rad8 18. Qxf4 Nxb3 19. axb3 Rfe8 20. Qd2 (20.
c4 Bxb2 21. Rab1 Bg7 22. c5 Re6 23. Qe3 Be5 24. Nc4 $15) 20... Re6 21. Nb5 Rxd2
22. Nxc7 Red6 23. Rxd2 Rxd2 24. f4 (24. Rxa7 $4 Rd1+ {0-1 Soi-Toth/Fanano 1973
(24)} 25. Kh2 Be5+ 26. g3 Bxc7 27. Rxb7 Be5 28. Kg2 $17)) (7. Bg5 e5 (7... h6
8. Bh4 e5 9. dxe5 dxe5 10. Nbd2 (10. O-O Qc7 11. Nbd2 Nh5 $11 {0-1 Pragua,
C-Nautsh,W/BL2W 1989 (38)}) 10... Qc7 11. Nc4 Nh5 12. Bg3 Nf4 13. Bxf4 exf4 14.
O-O-O Bg4 15. e5 Nd7 16. Qe4 Rad8 17. Qxf4 Bxf3 18. Qxf3 b5 19. Ne3 Nxe5 $132 {
0-1 Matulovic,M-Botvinnik,M/Beograd 1970/Inf 09 (46)}) (7... d5 8. Nc3 dxe4 9.
Nxe4 a5 10. a4 Na6 11. O-O Nc7 12. Rad1 $14 {1-0 Boehnisch,M-Schoeneberg,M/
Strasbourg ch20-DDR 1971 (40)}) 8. dxe5 dxe5 9. Nbd2 Qc7 10. Nc4 a5 (10... Bg4
11. h3 Bxf3 12. Qxf3 Nh5 13. O-O-O $16 {1-0 Matulovic-Kristjansson,O/Reykjavik
1970 (35)}) (10... Be6 11. O-O-O Nbd7 12. Bh4 b5 13. Ncd2 Bxb3 14. Nxb3 a5 15.
Bxf6 Bxf6 16. g4 a4 17. Nbd2 b4 $40 (17... a3 18. b3 Nc5 19. h4 $132 {0-1 Riva,
A-Borgognoni,F/cr ITA/K-M4 1988 (25)})) 11. a4 Nh5 12. O-O Na6 13. Qe3 Bg4 14.
h3 Bxf3 15. Qxf3 Nc5 16. Be3 Ne6 17. c3 Qe7 18. Rfd1 Nhf4 19. Bb6 $16 {1-0
Matulovic,M-Huebner,R/Athens 1969/Inf 08 (43)}) (7. O-O Qc7 8. e5 dxe5 9. dxe5
Nd5 10. c4 (10. h3 Nd7 (10... h6 11. c4 Nb6 12. Nc3 N8d7 13. e6 fxe6 14. Qxe6+
Rf7 15. Qxg6 $18 {1-0 Schlais,H-Trommsdorff,F/OLWuert 1988 (40)}) 11. c4 N5b6
12. Bf4 (12. e6 Nc5 13. exf7+ Rxf7 14. Bc2 Be6 15. Na3 Bf5 $11) 12... Nc5 $11)
(10. Re1 Na6 (10... Bg4 11. Nbd2 Nd7 12. h3 Bxf3 (12... Bf5 13. Nf1 Nc5 14. Ng3
Nxb3 15. axb3 Be6 $11 {1-0 Soos-Kauschbaum/Berlin tt 1974 (32)}) 13. Nxf3 e6
14. c4 $14 (14. Qe4 Rae8 15. Bd2 a6 16. c4 Ne7 17. Bc2 c5 18. Rad1 Nc6 19. Bc3
$14 {1/2-1/2 Bergdahl,A-Karlsson,O/cr SVE/K 1973 (29)})) 11. c3 Nc5 12. Bc2 b6
(12... Bg4 13. Nbd2 b6 14. h3 Bc8 15. Ne4 Ba6 16. c4 Ne6 17. Neg5 Nxg5 18. Bxg5
Nb4 19. Bb1 c5 20. a3 Nc6 21. Be4 Rae8 22. Bd5 e6 (22... Nd4 23. Nxd4 cxd4 24.
e6 f6 25. Bd2 $14) 23. Bxc6 Qxc6 24. Rad1 $14 {1-0 Nerney,J-Zlotnikov,M/USA
1985/Inf 41 (56)}) 13. a3 a5 14. c4 Ba6 15. Nbd2 Nf4 (15... f5 16. Nd4 $14 (16.
g3 Qc8 17. Nb3 Ne6 18. Bd3 Ndc7 19. c5 Bxd3 20. Qxd3 Rd8 21. Qc2 a4 $19 {
0-1 Sproule-Gerzadowicz,S/cr USA 1986 (44)})) 16. Qe3 Nfe6 17. b4 axb4 18. axb4
Nd7 19. h4 h5 20. Bb2 Bb7 21. Ng5 Nxg5 22. Qxg5 Rxa1 23. Bxa1 e6 24. Ne4 Bxe5
25. Bxe5 Qxe5 26. Qxe5 Nxe5 27. Nd6 $18 {1-0 Tal,M-Gufeld,E/Moscow tt 1972 (42)
}) 10... Nb4 (10... Nb6 11. Bf4 Na6 (11... Bg4 12. Nbd2 e6 13. h3 Bxf3 14. Nxf3
c5 15. Qe3 N6d7 16. Rfe1 Nc6 17. Rad1 $14 {1-0 Avni,A-Vydeslaver,A/ISR ch
Ramat-Gan 1992 (28)}) 12. Qe3 Be6 13. Nbd2 Nd7 14. Rfe1 Rad8 15. a3 Qb6 16. Qc3
c5 17. Bc2 Ndb8 $11 {0-1 Birkel Jeffrey-Weeramantry Sunil/Las Vegas 1994 (31)})
11. Bd2 a5 12. Bc3 Bf5 13. Qe3 e6 14. Nd4 Bxb1 15. Raxb1 Qxe5 16. Qxe5 Bxe5 17.
Nxe6 Bxc3 18. bxc3 fxe6 19. cxb4 axb4 $44 {1/2-1/2 Karker,N-Nowak,A/cr JM-011
1985 (27)}) 7... dxe5 (7... Nd5 8. h3 Nd7 (8... a5 9. a3 a4 10. Ba2 dxe5 11.
dxe5 Na6 12. O-O Ndc7 13. Rd1 Qe8 14. Nc3 $14 {1-0 Knezevic,M-Sadiku,B/YUG-Cup
f Pula 1991 (30)}) 9. O-O dxe5 10. dxe5 Nc5 11. Rd1 Nxb3 12. axb3 Qc7 13. c4
Nb4 14. Bf4 Bf5 15. Nc3 Rfd8 $11 {1/2-1/2 Kuwaza,C-Savva,P/Dubai olm UAE 1986 
(21)}) 8. dxe5 Nd5 9. h3 a5 10. a4 Na6 11. O-O Nc5 12. Bc4 (12. Bxd5 cxd5 $11 (
12... Qxd5 $2 13. Rd1 Qe6 14. Nc3 h6 15. Bxh6 $3 (15. Bf4 g5 16. Nd4 Qg6 17.
Bg3 Ne6 18. Nf3 $11 {1-0 Matulovic,M-Simic,R/Vrnjacka Banja 1991 (34)}) 15...
Bxh6 16. Nd4 Qd7 17. Nb3 Qf5 18. Nxc5 Bg7 19. Nd3 $16)) 12... Qc7 13. Re1 (13.
Bxd5 cxd5 14. Nc3 Rd8 15. Rd1 Qc6 16. Nd4 Qc7 17. Bf4 (17. Ndb5 Qxe5 18. Qxe5
Bxe5 19. Nxd5 Be6 20. Nxe7+ Kf8 21. Bg5 f6 $17) 17... Ne6 18. Bg3 Qb6 19. Qb5
Qxb5 20. Ndxb5 d4 21. Ne2 f6 22. f4 fxe5 23. fxe5 d3 24. Rxd3 Rxd3 25. cxd3 Bd7
26. Rc1 Bxb5 27. axb5 Rd8 $44) 13... b6 14. Nbd2 (14. Bg5 Ne6 15. Bd2 Rd8 16.
Nc3 Nb4 17. Be3 Ba6 18. Bxa6 Rxa6 19. Rad1 Raa8 $11) 14... Nf4 15. Qe3 Nd5 16.
Qe2 Nf4 17. Qf1 (17. Qe3 Nd5 $11) 17... Be6 (17... Nd5 $132) (17... Nce6 18. g3
Nd5 19. Ne4 Rd8 20. Neg5 Nxg5 21. Bxg5 h6 22. Bd2 Bf5 23. Bb3 Qc8 (23... Nb4
24. e6 $1 fxe6 25. Bxe6+ Bxe6 26. Rxe6 Qd7 27. Qc4 b5 28. Qb3 bxa4 29. Qc4 Kh7
30. Qe4 Bf6 31. Bxh6 $1 Kxh6 32. Ne5 $3 {[%csl Rg6]} Qe8 33. Ng4+ Kg7 34. Nxf6
$18) 24. Kh2 $132 (24. g4 $2 Bd7 (24... Be6 25. Rad1 (25. Nd4 Bxg4 $1 $17) (25.
c4 Nb4 $17) 25... h5 $17))) 18. Ne4 Nxe4 19. Bxf4 (19. Rxe4 Bxc4 20. Qxc4 Ne6
21. Re1 Rad8 22. Be3 Rd5 23. Rad1 Rfd8 $11) 19... Nc5 20. Nd4 (20. Be3 Bxc4 21.
Qxc4 Ne6 22. Qb3 Rab8 23. Rad1 b5 $132) 20... Bxc4 21. Qxc4 Rfd8 22. Bg3 e6 23.
f4 (23. Bh4 Rd5 24. f4 Qd7 25. c3 $11) 23... Rd5 24. Bh4 h6 25. Nf3 Qd7 26. Qe2
b5 (26... Rb8 $132) 27. axb5 cxb5 28. b4 $1 Na4 29. bxa5 Rxa5 30. c4 bxc4 31.
Qxc4 $11 Nb2 (31... Nb6 32. Qe4 Rxa1 33. Rxa1 Rd1+ 34. Rxd1 Qxd1+ 35. Kh2 Nd5
36. Be1 $11) 32. Qc3 Rxa1 33. Rxa1 Rd1+ (33... Nd3 34. Bg3 Bf8 35. Ra8 Kg7 36.
Bh4 Be7 37. Bxe7 Qxe7 38. Kh2 Qc5 (38... Nxf4 39. Qc8 $18) 39. Qb3 Qb5 $11) 34.
Rxd1 Nxd1 35. Qb3 Qa7+ 36. Kh2 Ne3 (36... Qd7 $11) 37. Bf2 Ng4+ 38. hxg4 Qxf2
39. Qb8+ Bf8 40. Qd8 Qe3 41. Kg3 Qe4 (41... Kg7 42. Qf6+ (42. f5 $11) 42... Kg8
43. Qd8 $11) 1/2-1/2

[Event "Ciocaltea Memorial"]
[Site "Bucharest"]
[Date "1999.03.12"]
[Round "9"]
[White "Conquest, Stuart"]
[Black "Badea, Bela"]
[Result "1/2-1/2"]
[WhiteElo "2488"]
[BlackElo "2479"]
[Annotator "Tsesarsky,I"]
[PlyCount "108"]
[EventDate "1999.03.04"]
[EventType "tourn"]
[EventRounds "13"]
[EventCountry "ROU"]
[EventCategory "10"]
[SourceTitle "CBM 070"]
[Source "ChessBase"]
[SourceDate "1999.06.08"]
[SourceVersion "1"]
[SourceVersionDate "1999.06.08"]
[SourceQuality "1"]

{[%mdl 8192]} 1. e4 g6 2. d4 Bg7 3. c3 d5 4. exd5 Qxd5 5. Nf3 Bg4 6. Be2 (6.
Nbd2 Qe6+ (6... Nc6 7. Bc4 Qf5 8. Qb3 Nd8 (8... O-O-O 9. Bxf7 Nh6 10. Bc4 Na5
11. Qb5 Nxc4 12. Qxc4 $16) 9. h3 Bxf3 10. Nxf3 Nf6 11. Be3 $14 {0-1 Zander,
O-Carls,C/Hamburg Master 1921 (56)} (11. O-O $14)) 7. Be2 Nh6 8. O-O O-O 9. Re1
Rd8 10. h3 $14 {1-0 Schoor,H-Clarke,D/Fall95 0 (11)}) 6... c6 (6... Nc6 7. h3
Bxf3 8. Bxf3 Qe6+ 9. Be3 Qd7 10. Qb3 Nd8 11. Nd2 e6 12. Ne4 $16 {1-0 Garcia
Palermo,C-Verrascina,R/Roma op (1) 1990 (40)}) (6... Nh6 7. O-O c6 8. Bf4 O-O
9. Re1 e6 10. h3 Bxf3 11. Bxf3 $14 {1-0 Namyslo,H-Heer,S/Biel 1994 (25)}) (6...
Nf6 7. h3 Bf5 8. Be3 O-O 9. O-O c6 10. Nbd2 Nbd7 11. Nc4 $132 {0-1 De Wit,
M-Houdart,R/Interteam ch, BEL 1996 (47)}) 7. O-O Nf6 8. h3 Bxf3 (8... Bf5 9.
Nbd2 O-O 10. Re1 Nbd7 11. Nf1 $14) 9. Bxf3 Qd8 10. Bf4 O-O 11. Nd2 Nbd7 (11...
e6 12. Re1 $14) 12. Re1 Nd5 13. Bg3 e6 14. Qb3 (14. Ne4 $14) 14... b5 15. Rad1
(15. a4 a6 16. axb5 axb5 17. Ne4 $14) 15... Qb6 16. h4 h6 (16... a5 17. h5 a4
18. Qc2 $14) 17. Ne4 Rad8 18. Qc2 c5 19. h5 $2 $15 (19. Bd6 cxd4 20. Bxf8 Nxf8
21. cxd4 Bxd4 22. Qd2 Bg7 23. Re2 $14) 19... g5 $2 (19... cxd4 20. cxd4 (20.
hxg6 f5 21. Nd6 (21. Nd2 dxc3 22. bxc3 Nxc3 23. Rc1 Rc8 24. Nb3 f4 25. Bh4 Ne5
$17) 21... f4 22. Bxd5 exd5 23. Bh4 Qxd6 24. Bxd8 Rxd8 25. cxd4 Nf8 $17) 20...
gxh5 (20... Bxd4 21. hxg6 $16) 21. Bxh5 Bxd4 22. Qd2 Bg7 $15) 20. Nd6 N7f6 $4
$18 (20... cxd4 21. cxd4 N7f6 (21... Bxd4 22. Bxd5 exd5 23. Nf5 Bg7 24. Rxd5
$18 {[%cal Gg3c7]}) 22. Qc5 $14) 21. dxc5 Qxc5 (21... Qc6 22. b4 $18) 22. Nb7
Qb6 23. Nxd8 Rxd8 24. Be5 Rc8 25. Bxd5 (25. Qe2 $18) 25... Nxd5 26. Bxg7 Kxg7
27. Qe4 Kg8 28. Rd4 Rc5 29. Red1 Qc7 30. a4 (30. g3 $18) 30... a6 31. axb5 axb5
32. Ra1 Kg7 33. g3 (33. g4 Nf4 34. Qf3 $18) 33... Nf6 34. Qa8 (34. Qe2 g4 35.
Rxg4+ Nxg4 36. Qxg4+ Rg5 37. Qd4+ Qe5 38. Qxe5+ Rxe5 39. Ra5 Rxh5 40. c4 Rc5
41. b3 Kf6 42. Rxb5 Rxb5 43. cxb5 Ke5 44. Kh2 Kd5 45. Kh3 Kc5 46. Kh4 Kxb5 47.
Kh5 Kb4 48. Kxh6 Kxb3 49. Kg7 $18) 34... Qe5 35. Qf3 $138 Qc7 36. Ra6 $2 $16 (
36. g4 $18) 36... Rf5 37. Qg2 Nxh5 38. Ra8 (38. Rd1 Nf6 39. Rad6 Nd5 40. Ra6
Nf6) (38. Qc6 Qe5 39. Re4 Qf6 40. Re2 $16) 38... Nf6 39. Rd3 (39. Qh3 Nd5 40.
Qg4 $16) (39. Ra1 $16) 39... b4 40. Rf3 (40. Ra1 Ng4 41. Rf3 Rb5 42. Qf1 $14)
40... bxc3 41. Rxc3 Qb6 42. Rc2 Rb5 43. Ra2 Rb3 44. Kh1 (44. Rd2 $44) 44... Qd4
45. Ra1 (45. Qc6 $44) 45... Rxb2 $44 (45... g4 $5 46. Qc6 $1 (46. Re1 $4 Rf3 $1
{[%csl Rg2]} 47. Ree2 Ne4 48. Kh2 Rf5 (48... h5 49. b3 h4 $4 (49... Ng5 $1 50.
Rc4 Qd1 51. Rb2 (51. Rcc2 Rd3 $19) 51... Rd3 52. Rf4 Qa1 $19) 50. Rc4 hxg3+ 51.
fxg3 $18) 49. Rxe4 Rh5+ 50. Kg1 Qd1+ 51. Qf1 Rh1+ 52. Kxh1 Qxf1+ 53. Kh2 h5 $15
) 46... Rxb2 47. Re1 $44) 46. Rxb2 Qxb2 47. Rf1 Qd4 48. Qf3 Ne4 49. Qg2 h5 50.
f3 Nf6 51. Qf2 Qd5 52. Kg1 Qd6 53. Kg2 Nd5 54. Qd4+ f6 {Ugly realization of
advantage.} 1/2-1/2

[Event "RUS-Cup03 Geller Memorial"]
[Site "Moscow"]
[Date "1999.02.12"]
[Round "3"]
[White "Goloshchapov, Alexander"]
[Black "Tosic, Miroslav"]
[Result "1-0"]
[WhiteElo "2446"]
[BlackElo "2517"]
[Annotator "Tsesarsky,I"]
[PlyCount "63"]
[EventDate "1999.02.10"]
[EventType "swiss"]
[EventRounds "9"]
[EventCountry "RUS"]
[SourceTitle "CBM 070"]
[Source "ChessBase"]
[SourceDate "1999.06.08"]
[SourceVersion "1"]
[SourceVersionDate "1999.06.08"]
[SourceQuality "1"]

{[%mdl 192]} 1. e4 g6 2. d4 Bg7 3. Nc3 c6 4. Nf3 d6 5. Be3 b5 6. Qd2 Nd7 7. Bd3
Nb6 (7... a6 8. a4 Bb7 9. O-O Qc7 (9... Ngf6 10. e5 dxe5 11. dxe5 Ng4 12. e6
fxe6 $44) 10. axb5 cxb5 (10... axb5 11. Rxa8+ Bxa8 12. Ra1 Bb7 13. d5 $16) 11.
Nd5 Qd8 12. Qa5 $14) (7... Qc7 8. O-O Ngf6 (8... a6 9. Ne1 Ngf6 10. Bh6 O-O 11.
Bxg7 Kxg7 12. f4 e5 13. dxe5 dxe5 14. f5 c5 15. Nd5 Nxd5 16. exd5 c4 17. Be2
Nf6 $132) 9. Bh6 O-O 10. Bxg7 Kxg7 11. Ne2 c5 12. c3 $14) (7... Bb7 8. Ne2 (8.
h4 h5 9. O-O-O Qa5 10. Kb1 a6 11. e5 $1 $40 {1-0 Kupreichik,V-Nikolaevsky,Y/
Daugavpils 1978 (31)}) (8. a4 b4 (8... a6 9. Ne2 e5 10. c3 Ngf6 11. Bh6 O-O 12.
Bxg7 Kxg7 13. Ng3 Ne8 14. O-O Nc7 15. axb5 cxb5 16. b4 $14 {1/2-1/2 Lurje,
P-Hickl,J/Bad Ragaz Switzerland 1993 (50)}) 9. Ne2 c5 10. dxc5 dxc5 11. Bb5 (
11. c3 $11) 11... Ngf6 12. Bxc5 (12. Ne5 a6 13. Bxd7+ Nxd7 14. Nxd7 Qxd7 15.
Qxd7+ Kxd7 16. Bxc5 Rhc8 17. O-O-O+ Ke8 18. Bxb4 Bxe4 19. Bc3 Bh6+ 20. Kb1 Bxg2
$17 {1-0 Boe,M-Mortensen,E/Lyngby ,EXT 1991 (82)}) 12... Nxe4 13. Bxd7+ Qxd7
14. Qxd7+ Kxd7 15. Bxb4 Bxb2 16. Rb1 $14) (8. h3 a6 9. O-O (9. a4 Qc7 10. O-O
Ngf6 11. axb5 axb5 12. Rxa8+ Bxa8 13. e5 $2 dxe5 14. dxe5 Nxe5 15. Nxe5 Qxe5
16. f4 Qb8 $17 {0-1 Wells,P-Vadasz,L/Budapest FS 1993 (37)}) 9... c5 10. Rad1
Rc8 11. dxc5 Nxc5 12. Rfe1 Nxd3 13. cxd3 Nf6 14. Bh6 O-O $11 {1/2-1/2 Vetemaa,
J-Vingerhoets,L/Huy ,EXT 1992 (27)}) (8. O-O-O a6 (8... b4 9. Ne2 Qa5 10. Kb1
c5 11. Ng3 Rc8 12. Qe2 Ngf6 13. h4 $132 {1-0 Van Delft,M-Dzhumaev,M/Dutch Open,
Dieren NED 1998 (34)}) 9. e5 dxe5 10. dxe5 Nxe5 11. Nxe5 Bxe5 12. Rhe1 Qc7 13.
Bb6 Qxb6 14. Rxe5 O-O-O 15. Qf4 Qc7 16. Qe3 e6 $15 {1/2-1/2 Gormally,D-Sowray,
P/Hastings ENG 1999 (50)}) (8. O-O a6 (8... Ngf6 9. Bh6 (9. e5 dxe5 10. dxe5
Ng4 11. e6 fxe6 $44 (11... Nde5 12. exf7+ Nxf7 13. Bc5 O-O 14. Qe2 $14 {
1-0 Madl,I-Poor,I/HUN 1990 (59)})) 9... Bxh6 10. Qxh6 Qa5 11. Ng5 Qb6 12. Qg7
Rf8 13. Ne2 c5 14. c3 h5 $14 {1-0 Rada,H-Petz,J/A-403,1984 1984 (47)}) 9. a4 (
9. Rfe1 c5 10. a3 cxd4 11. Nxd4 Ngf6 12. h3 O-O 13. Bh6 Qb6 14. Bxg7 Kxg7 15.
Qe3 Rac8 $11 {0-1 From,S-Andersen,J/Alborg 1993 (64)}) 9... Qc7 (9... e6 10.
Rfe1 Ne7 11. Bh6 O-O 12. Rad1 Nb6 13. axb5 cxb5 14. h4 $14 {1-0 Xie,J-Nouro,M/
Helsinki 1992 (49)}) 10. Rfe1 (10. axb5 cxb5 11. Nd5 Bxd5 12. exd5 Qb8 13. Qa5
Nb6 14. Bxb5+ axb5 15. Qxb5+ Nd7 16. Qc6 Rxa1 17. Rxa1 $18 {1-0 Hinks Edwards,
T-Pein,M/4NCL, Birmingham ENG 1998 (23)}) 10... e6 11. axb5 cxb5 12. Bxb5 axb5
13. Nxb5 Qb6 14. Qb4 Rxa1 15. Rxa1 Bf8 16. d5 Nc5 17. Nxd6+ Qxd6 18. Bxc5 Qxc5
19. Qxb7 $18 {1-0 Ivanov,A-Hoi,C/Gausdal Arnold Cup (4) 1991 (23)}) 8... Qc7 9.
c3 e5 10. h4 Ndf6 11. Ng3 Ng4 12. h5 Nxe3 13. Qxe3 Bh6 14. Qe2 Nf6 $132 {
0-1 Tolush Alexander-Botvinnik Mikhail M/Match "Moscow-Leningrad" Moscow RUS
1965 (37)}) 8. h3 (8. b3 Bg4 (8... Qc7 9. h3 Nf6 10. Bh6 O-O 11. O-O a6 12. e5
dxe5 13. dxe5 $14) 9. a4 b4 10. Ne2 a5 11. h3 Bd7 12. Rd1 Nf6 13. Ng3 O-O 14.
O-O Qb8 15. Bh6 $14 {1-0 Meister,Y-Krasenkov,M/URS tt (1/2 final) Podolsk (RUS
1990/Inf 01 (85)}) 8... a5 $32 (8... h5 9. O-O Nf6 10. Rae1 Qc7 11. Bf4 Nfd7
12. e5 $14 {1-0 Melzer,O-Bartels,S/VLNBaden 1992 (32)}) (8... Nf6 9. O-O O-O
10. Bh6 Be6 11. Bxg7 Kxg7 12. d5 cxd5 13. exd5 Nbxd5 14. Bxb5 Nxc3 15. Qxc3 Rc8
$15 {0-1 Gorusa,M-Safyanovsky,M/Slovakia tt 1994 (56)}) (8... Rb8 9. O-O Nf6 (
9... Nc4 10. Bxc4 bxc4 11. Rab1 $14 (11. b3 Ba6 12. Rfb1 $14)) 10. Bh6 O-O 11.
Bxg7 Kxg7 12. Rfe1 $14 {1-0 Hodgson,J-Maiwald,J/Bermuda 1997/CBM 58/ (33)}) (
8... Qc7 9. O-O Bd7 10. a4 bxa4 11. Nxa4 $14 {1-0 Hodgson,J-Soltis,A/Mechanics
GM, San Francisco USA 1998 (41)}) (8... Nc4 9. Bxc4 bxc4 10. O-O Nf6 11. Bh6
O-O 12. Rfe1 $14 {1-0 Ejdum,S-Lubson,P/Denmark 1998 (34)}) 9. O-O Nc4 10. Bxc4
bxc4 11. Rfe1 a4 $2 $16 (11... Nf6 12. Bh6 O-O 13. Bxg7 Kxg7 14. e5 Nd5 15.
exd6 exd6 16. Nxd5 cxd5 17. Re3 $14 {[%csl Ra5,Rd5,Rd6]}) (11... f5 $6 12. e5
$1 d5 (12... dxe5 13. Nxe5 Bxe5 14. dxe5 Qxd2 15. Bxd2 Rb8 16. b3 $16) 13. b3
Ba6 14. Na4 $16) 12. Rad1 Qa5 13. d5 $1 Bb7 (13... c5 14. e5 Rb8 15. exd6 Rxb2
16. Nd4 $3 cxd4 17. Bxd4 Bxd4 18. Qxd4 f6 19. Ne4 Qb6 20. Qxc4 $18 (20. Nxf6+
$4 Kf7 21. Qxb6 Rxb6 22. Nxg8 Rxg8 23. dxe7 $17) (20. dxe7 Nxe7 (20... Qxd4 21.
Nd6+ Kd7 22. e8=Q+ $18) 21. Qxb6 Rxb6 22. d6 Nf5 23. d7+ Bxd7 24. Nc5+ $18))
14. Bd4 Nf6 15. e5 $1 $18 dxe5 (15... Nxd5 16. exd6 $18) 16. dxc6 exd4 (16...
Bxc6 17. Nxe5 $18) 17. cxb7 Rb8 18. Nxd4 Qa6 19. Nxa4 $1 (19. Ndb5 O-O 20. Rxe7
Rxb7 21. Rxb7 Qxb7 22. Qf4 $18 {[%csl Ra4,Rc4]}) 19... Qxb7 (19... Qxa4 20.
Rxe7+ Kxe7 21. Nf5+ $18) 20. Nc5 (20. Qe2 O-O 21. Qxe7 Qa8 22. b3 $18) 20...
Qc8 $6 (20... Qb6 21. b4 cxb3 22. Ndxb3 $18) 21. Rxe7+ $1 Kf8 (21... Kxe7 22.
Nf5+ gxf5 23. Qd6+ Ke8 24. Re1+ Ne4 25. Nxe4 $18) 22. Rc7 Qxc7 23. Nce6+ fxe6
24. Nxe6+ Kf7 25. Nxc7 Rhc8 26. Qf4 Kg8 27. Nd5 Nxd5 28. Rxd5 Rxb2 29. Rd7 Kh8
30. Qf7 Rg8 31. Qxc4 Rf8 32. Qc7 1-0

[Event "Manhattan March Int"]
[Site "New York"]
[Date "1999.03.06"]
[Round "2"]
[White "Timoshenko, Georgy"]
[Black "Burnett, Ronald"]
[Result "1-0"]
[WhiteElo "2592"]
[BlackElo "2420"]
[Annotator "Tsesarsky,I"]
[PlyCount "97"]
[EventDate "1999.03.05"]
[EventType "tourn"]
[EventRounds "9"]
[EventCountry "USA"]
[EventCategory "10"]
[SourceTitle "CBM 070"]
[Source "ChessBase"]
[SourceDate "1999.06.08"]
[SourceVersion "1"]
[SourceVersionDate "1999.06.08"]
[SourceQuality "1"]

{[%mdl 16416]} 1. e4 g6 2. d4 Bg7 3. Nc3 d6 4. Be3 c6 5. Qd2 b5 6. Bd3 Nd7 7.
f4 Ngf6 8. Nf3 Bb7 (8... Nb6 9. b3 Qc7 10. Ne2 O-O 11. c3 Bb7 12. Ng3 c5 13.
dxc5 (13. Rc1 c4 14. Bb1 cxb3 15. axb3 a5 16. Bd3 a4 $15 {0-1 Mortensen,
E-Kristiansen,J/Esbjerg 1985 (31)}) 13... dxc5 14. e5 $132) (8... Ng4 9. Bg1
Bb7 10. h3 Ngf6 11. O-O-O b4 12. Ne2 Qa5 13. Kb1 O-O 14. h4 c5 15. e5 Nh5 16.
Rh3 cxd4 17. exd6 Bd5 18. b3 Bxf3 19. Rxf3 e5 (19... exd6 20. Nxd4 $14) 20. g4
(20. fxe5 Nxe5 21. Rff1 Rad8 $132 {0-1 Prasad Devaki V-Chernin,A/Subotica YUG
1987 (60)}) 20... Nxf4 21. Nxf4 exf4 22. Rxf4 $16) (8... O-O 9. h3 b4 10. Ne2
c5 11. Ng3 Qc7 12. c3 a5 13. f5 $40 {0-1 Samaritani,F-Hoi,C/Lyngby 1988 (28)})
(8... b4 9. Ne2 Rb8 10. c4 bxc3 11. bxc3 Qa5 12. c4 Qa3 13. Rc1 c5 14. Rc3 Qa4
15. Qc2 Qxc2 16. Bxc2 Bb7 $15 {[%cal Gg7c3] 0-1 Povah,N-Mestel,J/4NCL,
Birmingham ENG 1998 (31)} (16... Rb2 $15)) 9. e5 (9. O-O-O $5 $14) 9... b4 (
9... Ng4 10. Bg1 O-O 11. h3 Nh6 12. Bf2 $14) 10. Ne4 $1 (10. exf6 bxc3 11. Qxc3
Nxf6 $132) (10. Ne2 Nd5 $132) 10... Nd5 (10... Nxe4 11. Bxe4 Qb6 (11... Qa5 12.
a3 f5 13. Bd3 c5 14. O-O cxd4 15. Nxd4 Qd5 (15... dxe5 16. Ne6 Bf6 17. axb4 $18
{[%csl Ra5]}) 16. Nb5 $16) 12. c4 bxc3 13. bxc3 $14) 11. Bf2 Qc7 $5 (11... Bh6
12. Nfg5 $14) 12. O-O c5 (12... O-O 13. Rae1 c5 14. f5 gxf5 15. exd6 exd6 16.
Neg5 $16) 13. c4 bxc3 14. bxc3 O-O (14... f5 15. Neg5 Nf8 16. dxc5 $18 {
[%cal Gd3b5]}) 15. Rab1 Rab8 16. Bg3 (16. exd6 exd6 17. f5 gxf5 18. Ng3 f4 19.
Nh5 Bh6 20. Nh4 Ne3 21. Nf5 Nxf5 22. Bxf5 Bxg2 23. Bxd7 Bxf1 24. Rxf1 Kh8 25.
Bh3 (25. Bg4 Rg8 26. Nf6 Rxg4+ 27. Nxg4 Rg8 $19) 25... Rg8+ 26. Kh1 Rb2 27. Qd3
Qe7 28. Qf5 Rg5 29. Qf6+ Qxf6 30. Nxf6 Rg6 $15) 16... f5 (16... cxd4 17. cxd4
f5 (17... Rfc8 18. exd6 exd6 19. f5 Bf8 20. Rbc1 Qb6 21. fxg6 fxg6 22. Rxc8
Bxc8 23. Qf2 Be7 24. Nfg5 Bf6 25. Ne6 Ba6 26. Bxa6 Qxa6 27. Bxd6 $18) 18. Neg5
Qc3 19. Qe2 (19. Ne6 Rfc8 20. Nxg7 Qxd2 21. Nxd2 Kxg7 $11) 19... dxe5 20. fxe5
f4 21. Be1 $16) 17. Neg5 cxd4 18. cxd4 Qc3 19. Qe2 dxe5 $2 $16 {[%cal Gg3f4,
Gf1f8] After this bad move Bg3 will be strong.} (19... N7b6 20. Ne6 (20. Rfc1
Qa3 21. Ne6 (21. exd6 exd6 22. Qe6+ Kh8 23. Bc4 Nxc4 24. Rxc4 Qxa2 25. Rbc1 Nb6
26. Nf7+ Rxf7 27. Qxf7 Bxd4+ $19) 21... Nc3 22. Rxc3 Qxc3 23. Nxf8 (23. Be1 Qc8
24. Nxf8 Qxf8 25. Ng5 Bd5 $11) 23... Kxf8 24. Be1 Qc6 $132) (20. Be1 Qc8 21.
Bd2 h6 22. Rfc1 Nc7 (22... Qd7 23. Bb5 $18) 23. Rxc7 Qxc7 24. Ne6 Qc8 25. Nxf8
Qxf8 $132) 20... Rfc8 {[%csl Rg3]} 21. Nxg7 (21. Rb3 Qc6) 21... Kxg7 22. Rb3 (
22. exd6 exd6 23. Rb3 Qc6 $11) 22... Qc6 $132) 20. fxe5 N7b6 (20... f4 21. Be1
$16) 21. Ne6 $1 (21. Rfc1 $2 Qa3 22. Ne6 Nc3 $132) 21... Bh6 $2 $18 (21... Rfc8
22. Rb3 Qc6 23. Nxg7 Kxg7 24. e6 f4 25. Qe5+ Kg8 26. Bxf4 Nxf4 27. Qxf4 Qxe6
28. Ng5 Qd5 29. Rf2 $16) 22. Nxf8 Rxf8 23. Kh1 (23. Be1 $18) 23... Rc8 24. Rb3
Qc6 25. e6 $2 $16 (25. Ra3 Ra8 26. Rb1 Nc3 (26... e6 27. Qc2 $18) 27. Bc4+ $18)
25... Be3 $2 $18 (25... Ne3 $1 26. Re1 f4 27. Bf2 Qxe6 $16) 26. Bxf5 $2 $16 (
26. Bf2 $18) 26... gxf5 27. Rxe3 Ba6 $1 (27... Nxe3 $2 28. Qxe3 $18) 28. Qxa6
Nxe3 29. Re1 (29. Rb1 Qxe6 30. Re1 Qc4 31. Qxa7 Ned5 $16) 29... Nbd5 30. Qxa7
Qxe6 31. Be5 (31. Bf2 f4 32. Qb7 $16) 31... Qg6 (31... Qc6 $16) 32. Rg1 (32.
Re2 Rc1+ 33. Ng1 Kf7 34. Qa3 $16) 32... Qc6 33. Qa5 Qc3 34. Qb5 Qc6 35. Qb1 Qc3
(35... Qg6 $16) 36. h3 Qb4 (36... Nb4 37. Bf4 Nbd5 38. Bxe3 Nxe3 39. Qb7 $18)
37. Qd3 (37. Qxb4 Nxb4 38. Re1 $16) 37... Qc4 38. Qd2 (38. Qxc4 Rxc4 $14) 38...
Qb4 $2 $18 (38... Qc6 $16) 39. Qf2 Qb6 40. Nh4 Qe6 (40... f4 41. g3 $18) 41.
Qg3+ Kf7 42. Qg7+ Ke8 43. Qxh7 Kd7 44. Nf3 Rc2 45. a4 Qa6 46. Qg8 Qxa4 47. Bh2
Rc8 48. Ne5+ Kc7 49. Rc1+ 1-0